| 000 | 01983nam0a2200361 4500 | ||
|---|---|---|---|
| 001 | RU\NLR\BIBL_A\022657950 | ||
| 005 | 20260420055631.0 | ||
| 010 |
_a978-5-9676-1320-3 _9200 |
||
| 021 |
_aRU _bКН-П-25-056867 _9КН-П-25-5482 |
||
| 035 | _a(NLR Aleph) 022657950 | ||
| 090 |
_a13685972 _c13685972 |
||
| 100 | _a20251031d2021 u y0rusy50 ca | ||
| 101 | 0 | _arus | |
| 102 | _aRU | ||
| 105 | _aa z 000yy | ||
| 181 | 0 |
_ai _baxxe |
|
| 182 | 0 | _an | |
| 200 | 1 |
_aТехнология изготовления и утилизации свинцовых аккумуляторов. Экология производства _fПопов Б. А., Русин А. И., Кудрявцев А. А. |
|
| 203 |
_aТекст _bвизуальный _cнепосредственный |
||
| 210 |
_aСанкт-Петербург _cПетрополис _d2021 |
||
| 215 |
_a207 с. _cил., табл. _d21 |
||
| 300 | _aЗагл. корешка: Технология изготовления и утилизации свинцовых аккумуляторов | ||
| 320 | _aБиблиогр.: с. 204–207 | ||
| 516 | 1 | _aТехнология изготовления и утилизации свинцовых аккумуляторов | |
| 606 | 1 |
_aАккумуляторы (электр.) свинцовые _xПроизводство _xОтходы _xУтилизация _xЭкологическая безопасность _92693186 _3RU\NLR\AUTH\6601764935 |
|
| 686 | 1 | _aЗ251.62-06 | |
| 700 | 1 |
_aПопов _bБ. А. _cканд. геогр. наук _gБорис Алексеевич _9233715 _3RU\NLR\AUTH\770233771 |
|
| 701 | 1 |
_aРусин _bА. И. _gАлексей Иванович |
|
| 701 | 1 |
_7ca _8rus _aКудрявцев _bА. А. _cспециалист в обл. электротехники _gАндрей Александрович _92692721 _3RU\NLR\AUTH\770288619 |
|
| 942 | _cBOOK | ||
| 980 | _aNB | ||